Delito de contrabando: principales aspectos y revisión de casos
保存先:
| 第一著者: | |
|---|---|
| フォーマット: | 図書 |
| 言語: | スペイン語 |
| 出版事項: |
Santiago
Universidad Finis Terrae
2016
|
| 版: | 1a. ed |
| 主題: | |
| タグ: |
タグ追加
タグなし, このレコードへの初めてのタグを付けませんか!
|
MARC
| LEADER | 00000cam a2200000 a 4500 | ||
|---|---|---|---|
| 001 | UCD6266 | ||
| 003 | CL-VaPUC | ||
| 008 | 161124e20160900cl |||||||||||||||||spa|d | ||
| 020 | |a 9789567757817 | ||
| 082 | 0 | 4 | |a 364.133 |b RIO |2 21 |
| 100 | 0 | |a Ríos Alvarez, Rodrigo |e author |9 590026 | |
| 245 | 1 | 0 | |a Delito de contrabando: principales aspectos y revisión de casos |
| 250 | |a 1a. ed | ||
| 300 | |a 291 p | ||
| 942 | |c BK | ||
| 945 | |d 20161124 22:47:00 |a arojas | ||
| 260 | |a Santiago |b Universidad Finis Terrae |c 2016 | ||
| 650 | 0 | |a Contrabando |9 324529 | |
| 650 | 0 | |a Delitos |9 224143 | |
| 650 | 0 | |a Derecho aduanero |9 324531 | |
| 650 | 0 | |a Derecho tributario |9 258895 | |
| 583 | |a last modification |c 20161124 22:47:00 |k Rodrigo Vera | ||
| 999 | |c 366623 |d 366621 | ||
| 952 | |0 0 |1 0 |3 erb |4 0 |6 364_133000000000000_RIO_2016 |7 0 |8 A |9 481028 |a BIBDER |b BIBDER |i 5350344 |l 5 |o 364.133 RIO 2016 |p 5350344 |r 2023-01-25 |s 2022-08-31 |w 2019-11-24 |y BK |z Catalogado en:20161124 |k DER | ||